[Event "FRA-ch U18"]
[Site "Montlucon"]
[Date "1997.??.??"]
[Round "6"]
[White "Abello, Sebastien"]
[Black "Boutroy, Alexis"]
[Result "1/2-1/2"]
[WhiteElo "2010"]
[BlackElo "2210"]
[PlyCount "95"]
[EventDate "1997.??.??"]
[EventType "swiss"]
[EventRounds "8"]
[EventCountry "FRA"]
[SourceTitle "EXT 2020"]
[Source "ChessBase"]
[SourceDate "2019.10.17"]
[SourceVersion "1"]
[SourceVersionDate "2019.10.17"]
[SourceQuality "1"]

1. e4 c5 2. Nf3 g6 3. c3 Bg7 4. d4 cxd4 5. cxd4 d5 6. exd5 Nf6 7. Bb5+ Bd7 8. Qb3 Qa5+ 9. Nc3 Bxb5 10. Qxb5+ Qxb5 11. Nxb5 Nxd5 12. Be3 Nc6 13. Ke2 0-0 14. Rac1 Rad8 15. Rhd1 e6 16. Nc3 Nde7 17. Rd2 Nf5 18. Rcd1 Rfe8 19. Ne4 b6 20. g4 Nxe3 21. fxe3 f5 22. Nf2 Nb4 23. a3 Nd5 24. g5 f4 25. e4 Ne3 26. Rc1 b5 27. Nd3 Nc4 28. Rdd1 Bxd4 29. Nxd4 Rxd4 30. Nxf4 Rxe4+ 31. Kf3 Re3+ 32. Kf2 Rb3 33. Nd3 Nxb2 34. Nxb2 Rxb2+ 35. Kg3 Rf8 36. Rc7 Rbf2 37. Rdd7 R2f7 38. Rxa7 Rxd7 39. Rxd7 Rf7 40. Rd8+ Kg7 41. Rb8 Ra7 42. Rxb5 Rxa3+ 43. Kf4 Ra7 44. Ke5 Kf7 45. h4 Ke7 46. Rc5 Rd7 47. Ra5 Rc7 48. Rb5 1/2-1/2

[Event "Agneaux St Lo op 01st"]
[Site "Agneaux"]
[Date "1997.??.??"]
[Round "?"]
[White "Boutroy, Alexis"]
[Black "Videki, Sandor"]
[Result "0-1"]
[WhiteElo "2210"]
[BlackElo "2375"]
[PlyCount "142"]
[EventDate "1997.02.??"]
[EventType "swiss"]
[EventRounds "7"]
[EventCountry "FRA"]
[SourceTitle "EXT 2003"]
[Source "ChessBase"]
[SourceDate "2002.11.25"]
[SourceVersion "1"]
[SourceVersionDate "2002.11.25"]
[SourceQuality "1"]

1. Nf3 Nf6 2. c4 g6 3. g3 Bg7 4. Bg2 0-0 5. 0-0 d6 6. d4 Nc6 7. d5 Na5 8. Nfd2 c5 9. Nc3 a6 10. Rb1 Rb8 11. b3 b5 12. Bb2 e6 13. Ba1 bxc4 14. bxc4 Rxb1 15. Qxb1 e5 16. Qb8 Nd7 17. Qb1 Nb6 18. Qd3 f5 19. e3 Bd7 20. Rb1 Qc7 21. Ne2 e4 22. Qc2 Bxa1 23. Rxa1 Rb8 24. h4 Na4 25. Nb3 Rb4 26. Nxa5 Rb2 27. Qd1 Qxa5 28. Rb1 Qb4 29. Rxb2 Nxb2 30. Qa1 Kf7 31. Nf4 Qd2 32. Bf1 a5 33. Qb1 a4 34. a3 Qc3 35. Qa1 Qc2 36. Ne2 h6 37. Qc1 Qb3 38. Qc3 Qxc3 39. Nxc3 Bc8 40. Nb1 Ba6 41. Nd2 Kf6 42. Be2 g5 43. Kg2 Ke5 44. hxg5 hxg5 45. Kh2 Bc8 46. Nb1 f4 47. gxf4+ gxf4 48. Nd2 Bd7 49. Nb1 Bc8 50. Nd2 f3 51. Bf1 Nd1 52. Kg3 Nc3 53. Kh4 Ne2 54. Nb1 Bd7 55. Kg5 Nc1 56. Kh4 Nb3 57. Kg5 Na1 58. Kh4 Nb3 59. Kg3 Na5 60. Nc3 Nb7 61. Kh4 Na5 62. Kg3 Nb3 63. Nb1 Nc1 64. Nc3 Be8 65. Nb1 Ne2+ 66. Kh4 Bf7 67. Kg5 Bxd5 68. cxd5 c4 69. Kg4 c3 70. Nxc3 Nxc3 71. Bc4 Nxd5 0-1

[Event "FRA-chTA 9697"]
[Site "France"]
[Date "1997.??.??"]
[Round "5"]
[White "Julve, Philippe"]
[Black "Boutroy, Alexis"]
[Result "1-0"]
[WhiteElo "2235"]
[BlackElo "2210"]
[PlyCount "49"]
[EventDate "1997.??.??"]
[EventType "team"]
[EventRounds "7"]
[EventCountry "FRA"]
[SourceTitle "EXT 1999"]
[Source "ChessBase"]
[SourceDate "1998.11.16"]
[SourceVersion "1"]
[SourceVersionDate "1998.11.16"]
[SourceQuality "1"]

1. d4 e6 2. c4 Nf6 3. Nc3 Bb4 4. a3 Bxc3+ 5. bxc3 c5 6. Bg5 h6 7. Bxf6 Qxf6 8. Nf3 Nc6 9. e3 0-0 10. Bd3 e5 11. 0-0 d6 12. d5 Ne7 13. Nd2 Ng6 14. Qc2 Bd7 15. a4 Be8 16. Rae1 Qe7 17. f4 exf4 18. exf4 Qd7 19. Ra1 a5 20. g3 Qc7 21. Nf3 Bd7 22. f5 Ne5 23. Nxe5 dxe5 24. f6 g5 25. Qe2 1-0

[Event "Montpellier op-A"]
[Site "Montpellier"]
[Date "1997.??.??"]
[Round "1"]
[White "Palac, Mladen"]
[Black "Boutroy, Alexis"]
[Result "1-0"]
[WhiteElo "2575"]
[BlackElo "2205"]
[PlyCount "69"]
[EventDate "1997.??.??"]
[EventType "swiss"]
[EventRounds "9"]
[EventCountry "FRA"]
[SourceTitle "EXT 1999"]
[Source "ChessBase"]
[SourceDate "1998.11.16"]
[SourceVersion "1"]
[SourceVersionDate "1998.11.16"]
[SourceQuality "1"]

1. e4 c5 2. Nf3 Nc6 3. d4 cxd4 4. Nxd4 g6 5. c4 Nf6 6. Nc3 Nxd4 7. Qxd4 d6 8. Be2 Bg7 9. Bg5 0-0 10. Qe3 Be6 11. 0-0 a6 12. c5 dxc5 13. Qxc5 h6 14. Bh4 Re8 15. Rfd1 Nd7 16. Qa3 b5 17. Nd5 g5 18. Bg3 Bxd5 19. Rxd5 Qc8 20. Rad1 Nb6 21. Rc5 Qe6 22. b3 Qxe4 23. Bf3 Rad8 24. Rf1 Qd4 25. Be2 Rd6 26. Bxd6 exd6 27. Rc6 g4 28. Bxg4 Qxg4 29. Rxb6 Bd4 30. Rxd6 Qf4 31. g3 Qd2 32. Qxa6 Re1 33. Qc8+ Kg7 34. Qg4+ Kh7 35. Qxd4 1-0

[Event "FRA-chT U18"]
[Site "France"]
[Date "1996.??.??"]
[Round "8"]
[White "Boutroy, Alexis"]
[Black "Abello, Sebastien"]
[Result "1-0"]
[WhiteElo "2175"]
[BlackElo "2090"]
[PlyCount "87"]
[EventDate "1996.??.??"]
[EventType "team"]
[EventRounds "11"]
[EventCountry "FRA"]
[SourceTitle "EXT 2001"]
[Source "ChessBase"]
[SourceDate "2000.11.22"]
[SourceVersion "1"]
[SourceVersionDate "2000.11.22"]
[SourceQuality "1"]

1. Nf3 Nf6 2. c4 e6 3. g3 b6 4. Bg2 Bb7 5. 0-0 Be7 6. d4 0-0 7. d5 exd5 8. Nh4 c6 9. cxd5 cxd5 10. Nf5 Na6 11. Nc3 Nc7 12. Bf4 Re8 13. Bd6 Bf8 14. Rc1 Rc8 15. Bxf8 Rxf8 16. Nd6 Rb8 17. Nxb7 Rxb7 18. Nxd5 Ncxd5 19. Bxd5 Rc7 20. Qd2 Rxc1 21. Rxc1 Qe7 22. e3 Qe5 23. Bf3 Rd8 24. Qc3 Qf5 25. Kg2 Re8 26. Qd4 h6 27. Rc7 Qa5 28. a3 Qa6 29. e4 Rc8 30. Be2 Qxe2 31. Rxc8+ Kh7 32. Qe5 Qxf2+ 33. Kxf2 Ng4+ 34. Ke2 Nxe5 35. Rc7 a5 36. b3 b5 37. Rb7 Nc6 38. Rxd7 b4 39. a4 f6 40. h3 Kg6 41. Rd6 Nb8 42. Kd3 Kf7 43. Kc4 Ke7 44. Rb6 1-0

[Event "FRA-chT U18"]
[Site "France"]
[Date "1996.??.??"]
[Round "?"]
[White "Boutroy, Alexis"]
[Black "Dubreuil, Julien"]
[Result "1-0"]
[WhiteElo "2175"]
[BlackElo "1690"]
[PlyCount "63"]
[EventDate "1996.??.??"]
[EventType "team"]
[EventRounds "11"]
[EventCountry "FRA"]
[SourceTitle "EXT 2004"]
[Source "ChessBase"]
[SourceDate "2003.11.25"]
[SourceVersion "1"]
[SourceVersionDate "2003.11.25"]
[SourceQuality "1"]

1. Nf3 Nf6 2. c4 g6 3. g3 Bg7 4. Bg2 0-0 5. 0-0 d6 6. d4 Nc6 7. Nc3 e5 8. d5 Ne7 9. e4 Nd7 10. Ne1 f5 11. Rb1 f4 12. b4 h5 13. Nd3 Nf6 14. gxf4 exf4 15. Bxf4 Nh7 16. Qd2 g5 17. Be3 Ng6 18. Ne2 Nh4 19. f3 Qd7 20. Ng3 Nxg2 21. Qxg2 Qf7 22. f4 h4 23. fxg5 Qg6 24. Rxf8+ Bxf8 25. Ne2 h3 26. Ndf4 Qg7 27. Qg3 Qxg5 28. Kf2 Qxg3+ 29. Nxg3 Ng5 30. Rg1 Be7 31. Ng6 Kf7 32. Nxe7 1-0

[Event "FRA-chT U18"]
[Site "France"]
[Date "1996.??.??"]
[Round "?"]
[White "Tavenard, Ludovic"]
[Black "Boutroy, Alexis"]
[Result "0-1"]
[WhiteElo "1940"]
[BlackElo "2175"]
[PlyCount "72"]
[EventDate "1996.??.??"]
[EventType "team"]
[EventRounds "11"]
[EventCountry "FRA"]
[SourceTitle "EXT 2004"]
[Source "ChessBase"]
[SourceDate "2003.11.25"]
[SourceVersion "1"]
[SourceVersionDate "2003.11.25"]
[SourceQuality "1"]

1. e4 c5 2. Nc3 Nc6 3. g3 g6 4. Bg2 Bg7 5. d3 d6 6. Be3 Rb8 7. Qd2 b5 8. f4 b4 9. Nd1 Qb6 10. Nf3 f5 11. h3 Nh6 12. 0-0 0-0 13. Ng5 a5 14. exf5 gxf5 15. Bd5+ Kh8 16. Qg2 Nd8 17. Bf3 Ng8 18. h4 Nf6 19. Nf2 h6 20. g4 fxg4 21. Nxg4 Bf5 22. Kh2 e6 23. Rab1 Qc7 24. Ne4 Nd5 25. Bd2 Qe7 26. h5 Nc6 27. Ng3 Nd4 28. Nxf5 Nxf3+ 29. Qxf3 Rxf5 30. Nf2 Qh4+ 31. Qh3 Qxh5 32. Rfe1 Qf7 33. Kg1 Rg8 34. Kf1 Nxf4 35. Bxf4 Rxf4 36. Qe3 Bd4 0-1

[Event "Val Thorens op"]
[Site "Val Thorens"]
[Date "1994.??.??"]
[Round "8"]
[White "Boutroy, Alexis"]
[Black "Bellemo, Luca"]
[Result "0-1"]
[WhiteElo "1660"]
[BlackElo "2240"]
[PlyCount "48"]
[EventDate "1994.??.??"]
[EventType "swiss"]
[EventRounds "9"]
[EventCountry "FRA"]
[SourceTitle "EXT 1999"]
[Source "ChessBase"]
[SourceDate "1998.11.16"]
[SourceVersion "1"]
[SourceVersionDate "1998.11.16"]
[SourceQuality "1"]

1. c4 e6 2. Nf3 d5 3. g3 Nf6 4. Bg2 Be7 5. 0-0 0-0 6. b3 c5 7. cxd5 Nxd5 8. Bb2 b6 9. a3 Bb7 10. d3 Nd7 11. Nbd2 b5 12. Rc1 Rc8 13. Qc2 Bf6 14. Ne4 Be7 15. Qb1 f5 16. Ned2 Qe8 17. Ne5 Nxe5 18. Bxe5 Qh5 19. Qb2 Qh6 20. Nf3 f4 21. d4 fxg3 22. hxg3 Nf6 23. Qd2 Qh5 24. Qg5 Bxf3 0-1